| 000 | 00719cam a22002293a 4500 | ||
|---|---|---|---|
| 001 | 253 | ||
| 003 | PGUSA | ||
| 005 | 20140828082945.0 | ||
| 008 | 950401s1995||||xxu|||||s|||||000 | eng d | ||
| 040 |
_aPGUSA _beng |
||
| 042 | _adc | ||
| 050 | 4 | _aJX | |
| 100 | 1 | _aCoalition for Networked Information | |
| 245 | 1 | 4 |
_aThe Universal Copyright Convention (1988) _h[electronic resource] / _cCoalition for Networked Information |
| 260 |
_bProject Gutenberg, _c1995 |
||
| 506 | _aCopyrighted. Read the copyright notice inside this book for details. | ||
| 516 | _aElectronic text | ||
| 653 | _aCopyright, International | ||
| 830 | 0 |
_aProject Gutenberg _v253 |
|
| 856 | 4 | 0 | _uhttp://www.gutenberg.org/ebooks/253 |
| 942 | _cEB | ||
| 999 |
_c229606 _d229606 |
||